<?xml version="1.0" encoding="UTF-8"?>
<collection xmlns="http://www.loc.gov/MARC21/slim">
 <record>
  <leader>00650nam a2200193Ia 4500</leader>
  <controlfield tag="001">CTU_199968</controlfield>
  <controlfield tag="008">210402s9999    xx            000 0 und d</controlfield>
  <datafield tag="082" ind1=" " ind2=" ">
   <subfield code="a">332</subfield>
  </datafield>
  <datafield tag="082" ind1=" " ind2=" ">
   <subfield code="b">Nh513</subfield>
  </datafield>
  <datafield tag="100" ind1=" " ind2=" ">
   <subfield code="a">Vu, Thi Hong Nhung</subfield>
  </datafield>
  <datafield tag="245" ind1=" " ind2="0">
   <subfield code="a">Integrations of microfinance and business development services :</subfield>
  </datafield>
  <datafield tag="245" ind1=" " ind2="0">
   <subfield code="b">empirical evidence on microfinance institutions and clients. Theses in Economics and Business</subfield>
  </datafield>
  <datafield tag="245" ind1=" " ind2="0">
   <subfield code="c">Vu Thi Hong Nhung</subfield>
  </datafield>
  <datafield tag="260" ind1=" " ind2=" ">
   <subfield code="a">Groningen</subfield>
  </datafield>
  <datafield tag="260" ind1=" " ind2=" ">
   <subfield code="b">University of Groningen</subfield>
  </datafield>
  <datafield tag="260" ind1=" " ind2=" ">
   <subfield code="c">2014</subfield>
  </datafield>
  <datafield tag="650" ind1=" " ind2=" ">
   <subfield code="a">Micro-economie,Kinh tế vi mô</subfield>
  </datafield>
  <datafield tag="904" ind1=" " ind2=" ">
   <subfield code="i">Bằng</subfield>
  </datafield>
  <datafield tag="980" ind1=" " ind2=" ">
   <subfield code="a">Trung tâm Học liệu Trường Đại học Cần Thơ</subfield>
  </datafield>
 </record>
</collection>
<br />
<b>Notice</b>:  fwrite(): write of 437 bytes failed with errno=28 No space left on device in <b>C:\vufind\module\VuFind\src\VuFind\Session\File.php</b> on line <b>152</b><br />
Cannot write session to C:\Windows\TEMP\vufind_sessions/sess_eg3i65ujhp72e7a6oo40uvqkmr
<br />
<b>Warning</b>:  session_write_close(): Failed to write session data using user defined save handler. (session.save_path: \xampp\tmp) in <b>C:\vufind\vendor\laminas\laminas-session\src\SessionManager.php</b> on line <b>235</b><br />
